Environmental pollution and social degradation (Record no. 56939)

000 -LEADER
fixed length control field 00794pab a2200169 454500
008 - FIXED-LENGTH DATA ELEMENTS--GENERAL INFORMATION
fixed length control field 180718b2003 xxu||||| |||| 00| 0 eng d
100 ## - MAIN ENTRY--PERSONAL NAME
Personal name Debnath, Suraj Kumar
245 ## - TITLE STATEMENT
Title Environmental pollution and social degradation
260 ## - PUBLICATION, DISTRIBUTION, ETC.
Date of publication, distribution, etc. 2003
300 ## - PHYSICAL DESCRIPTION
Extent p.410-11.
362 ## - DATES OF PUBLICATION AND/OR SEQUENTIAL DESIGNATION
Dates of publication and/or sequential designation Jun
520 ## - SUMMARY, ETC.
Summary, etc. Environmental pollution has a great impact on men and society. It adversely affects on the human health or public health, animals and plants. Environmental pollution decreases the efficiency and performing capacities of human beings and it increases the mental depression and enhances neurological excitement and decreases the average age level of men and animals - Reproduced.
650 ## - SUBJECT ADDED ENTRY--TOPICAL TERM
Topical term or geographic name entry element Pollution
650 ## - SUBJECT ADDED ENTRY--TOPICAL TERM
Topical term or geographic name entry element Environmental pollution
773 ## - HOST ITEM ENTRY
Main entry heading Management Accountant
909 ## -
-- 56939
Holdings
Withdrawn status Lost status Damaged status Not for loan Permanent Location Current Location Date acquired Serial Enumeration / chronology Barcode Date last seen Price effective from Koha item type
        Indian Institute of Public Administration Indian Institute of Public Administration 2018-07-19 Volume no: 38, Issue no: 6 AR57384 2018-07-19 2018-07-19 Articles

Powered by Koha